| 000 | 01248nam a22002657a 4500 | ||
|---|---|---|---|
| 005 | 20110824143213.0 | ||
| 010 | _aENG-103580 B-458849 | ||
| 020 |
_a9780415687652 _c695.00 |
||
| 035 | _aEN-87113 B-458849 | ||
| 037 | _bDBAD/PUB | ||
| 037 | _bRBC/Ven | ||
| 082 | _a331.12791 | ||
| 100 |
_aIrudaya Rajan, S. _946252 |
||
| 245 |
_aDreaming mobility and buying vulnerability : _boverseas recruitment practices in India / _cby S. Irudaya Rajan, V.J. Varghese [and] M.S. Jayakumar |
||
| 260 |
_aNew Delhi _bRoutledge _c2011 |
||
| 270 |
_a912-915, Tolstoy House, 15-17 Tolstoy Marg, Connaught Place _bNew Delhi _e110001 |
||
| 300 |
_axvii,233p. _c22cm (Hb) |
||
| 500 | _aIncludes bibliographical references and index | ||
| 700 |
_aVarghese, V.J. _933544 |
||
| 700 |
_aJayakumar, M.S. _933545 |
||
| 942 |
_2ddc _cEN _mIRU _h331.12791 |
||
| 999 |
_c55903 _d55903 |
||